000 00531 a2200181 4500
003 OSt
005 20231208102108.0
008 231207b |||||||| |||| 00| 0 eng d
020 _a9788195221158
040 _coclc
082 _a894.8128
_bGAN/T
100 _aGanesh, K N
_93273
245 _aThathagathan:
_bGautamabudhante Vazhikal /
_cK.N. Ganesh
250 _a1st ed.
260 _aThrissur:
_bKerala Sahitya Akademi,
_c2021.
300 _a578p.
942 _2ddc
_cBK
_h894.8128
_iGAN/T
_k894.8128
_mGAN/T
999 _c44044
_d44044